000
00340 a2200157 4500
001
177722
020
_a
040
_c
Magnum
100
_a
Machado, Ana Maria
240
1
0
_a
Everino faz chover
_l
por
245
1
0
_a
Everino faz chover
362
0
_a
1899
440
1
_a
Salamandra
697
_a
MAGNITO: I/AVENTURA, CRIANCAS
942
_c
BK
999
_c
177722
_d
177722